<?xml version="1.0" encoding="UTF-8"?>
<record
    xmlns:xsi="http://www.w3.org/2001/XMLSchema-instance"
    xsi:schemaLocation="http://www.loc.gov/MARC21/slim http://www.loc.gov/standards/marcxml/schema/MARC21slim.xsd"
    xmlns="http://www.loc.gov/MARC21/slim">

  <leader>00643nam a22002057a 4500</leader>
  <datafield tag="999" ind1=" " ind2=" ">
    <subfield code="c">167576</subfield>
    <subfield code="d">167576</subfield>
  </datafield>
  <controlfield tag="005">20190912152622.0</controlfield>
  <datafield tag="010" ind1=" " ind2=" ">
    <subfield code="a">ENG-126460</subfield>
  </datafield>
  <datafield tag="020" ind1=" " ind2=" ">
    <subfield code="c">459.00</subfield>
    <subfield code="a">978-93-530-6785-4</subfield>
  </datafield>
  <datafield tag="035" ind1=" " ind2=" ">
    <subfield code="a">EN-109992</subfield>
  </datafield>
  <datafield tag="037" ind1=" " ind2=" ">
    <subfield code="b">DBAD/PUB</subfield>
  </datafield>
  <datafield tag="082" ind1=" " ind2=" ">
    <subfield code="a">155.2</subfield>
  </datafield>
  <datafield tag="100" ind1=" " ind2=" ">
    <subfield code="a">Carver, S.Charles</subfield>
  </datafield>
  <datafield tag="245" ind1=" " ind2=" ">
    <subfield code="a">Perspectives On Personality/</subfield>
    <subfield code="c">by Charles S. Carver [and] Michael F. Scheier</subfield>
  </datafield>
  <datafield tag="250" ind1=" " ind2=" ">
    <subfield code="a">Eighth Edition</subfield>
  </datafield>
  <datafield tag="260" ind1=" " ind2=" ">
    <subfield code="a">U.P</subfield>
    <subfield code="b">Pearson</subfield>
    <subfield code="c">2019</subfield>
  </datafield>
  <datafield tag="270" ind1=" " ind2=" ">
    <subfield code="b">Noida</subfield>
    <subfield code="a">15th Floor, Tower-B,World Trade Tower,Plot No. 1, Block-C, Sector 16,,</subfield>
  </datafield>
  <datafield tag="300" ind1=" " ind2=" ">
    <subfield code="a">302p.</subfield>
    <subfield code="c">28cm(pbk)</subfield>
    <subfield code="b">ill</subfield>
  </datafield>
  <datafield tag="700" ind1=" " ind2=" ">
    <subfield code="a">Scheier,Charles S</subfield>
  </datafield>
  <datafield tag="942" ind1=" " ind2=" ">
    <subfield code="2">ddc</subfield>
    <subfield code="c">EN</subfield>
    <subfield code="h">155.2</subfield>
    <subfield code="m">CAR</subfield>
  </datafield>
  <datafield tag="952" ind1=" " ind2=" ">
    <subfield code="0">0</subfield>
    <subfield code="1">0</subfield>
    <subfield code="4">0</subfield>
    <subfield code="7">0</subfield>
    <subfield code="8">NFIC</subfield>
    <subfield code="a">DBAD</subfield>
    <subfield code="b">M</subfield>
    <subfield code="d">2019-09-12</subfield>
    <subfield code="e">DBAD/PUB</subfield>
    <subfield code="g">459.00</subfield>
    <subfield code="l">0</subfield>
    <subfield code="o">155.2 CAR</subfield>
    <subfield code="p">EN-109992</subfield>
    <subfield code="r">2019-09-12 00:00:00</subfield>
    <subfield code="t">1</subfield>
    <subfield code="v">459.00</subfield>
    <subfield code="y">EN</subfield>
  </datafield>
</record>
